America Geography - Sudden Death - Statistics

General Stats
  • This quiz has been taken 598 times
  • The average score is 5 of 20
Answers on the Grid
Answers color-coded by a green-red scale on the quiz's grid according to % correct below.
Texas
Iowa
Lake Michigan
Long Island Sound
Mississippi River
Mount St. Helens
San Juan Islands
Straits of Mackinac
Hoover Dam
Old Faithful Geyser
Great Salt Lake
Yellowstone Caldera
Bering Sea
Pencil Islands
Brooks Range
Cape Girardeau
Badlands
Isle Royale
Crater Lake
Box Elder County
Baffin Bay
Caribbean Sea
Rio de la Plata
Irish Sea
White Sea
Gulf of California
Hudson Bay
Red Sea
River Hull
Gotland County
Devon Island
Tyrrhenian Sea
Rhine River
Hyderabad
Prince Edward Island
Lagos
Montego Bay
Quetta
Aswan High Dam
Caroline Islands
 
Answer Stats
Answer % Correct
Mississippi River
51%
Texas
50%
Lake Michigan
49%
Iowa
44%
Great Salt Lake
43%
Hoover Dam
43%
Mount St. Helens
37%
Yellowstone Caldera
30%
Badlands
27%
Long Island Sound
27%
Old Faithful Geyser
27%
Crater Lake
25%
Bering Sea
21%
Straits of Mackinac
15%
Brooks Range
11%
Cape Girardeau
11%
Isle Royale
11%
San Juan Islands
11%
Box Elder County
6%
Pencil Islands
3%
No matching quizzes found
Score Distribution
Percent of People with Each Score
Percentile by Number Answered
Your Score History
You have not taken this quiz